Vista normal
Vista MARC
Entrada Topical Term
Número de registros utilizados en: 1
001 - CONTROL NUMBER
- control field: 10886
003 - CONTROL NUMBER IDENTIFIER
- control field: OSt
005 - DATE AND TIME OF LATEST TRANSACTION
- control field: 20200925154405.0
008 - FIXED-LENGTH DATA ELEMENTS
- fixed length control field: 200925|| aca||aabn | a|a d
040 ## - CATALOGING SOURCE
- Original cataloging agency: OSt
- Transcribing agency: OSt
150 ## - HEADING--TOPICAL TERM
- Topical term or geographic name entry element: Crítica e interpretación
670 ## - SOURCE DATA FOUND
- Source citation: Work cat.: (OSt)4118: Caballero Argáez, Carlos, autor 2409, El corazón de la patria / , impresión 2008